000 00330nam a2200133Ia 4500
008 210210b1991 xxu||||| |||| 00| 0 eng d
082 _a824 MITW
100 _aMITTAL (Naimisharan).
245 _aWorld famous conmen.
260 _aN D
_bFamily Books Pvt Ltd.,
_c1991
300 _a128
690 _aEnglish Prose
906 _a045554
999 _c94935
_d94935